Cities by their picture #2 - Statistics

General Stats
  • This quiz has been taken 12 times
  • The average score is 9 of 16
Answer Stats
Picture Answer % Correct
Amsterdam
83%
Cairo
83%
Seattle
83%
Athens
75%
Chicago
75%
Giza
67%
Singapore
67%
Barcelona
58%
Kuala lumpur
58%
Taipei
58%
Casablanca
42%
Mumbai
33%
Seoul
33%
Perth
25%
Mexico City
17%
Naples
17%
No matching quizzes found
Score Distribution
Percent of People with Each Score
Percentile by Number Answered
Your Score History
You have not taken this quiz